Hillslope Processes (Record no. 656)
[ view plain ]
| 000 -LEADER | |
|---|---|
| fixed length control field | 00281 a2200109 4500 |
| 020 ## - INTERNATIONAL STANDARD BOOK NUMBER | |
| International Standard Book Number | 0045511020 |
| 082 ## - DEWEY DECIMAL CLASSIFICATION NUMBER | |
| Classification number | 551.436 ABR |
| 100 ## - MAIN ENTRY--PERSONAL NAME | |
| Personal name | Abrahams, A. D. |
| 245 ## - TITLE STATEMENT | |
| Title | Hillslope Processes |
| Statement of responsibility, etc. | A. D. Abrahams |
| 260 ## - PUBLICATION, DISTRIBUTION, ETC. | |
| Place of publication, distribution, etc. | Boston : |
| Name of publisher, distributor, etc. | Allen and Unwin |
| Date of publication, distribution, etc. | 1986 |
| 300 ## - PHYSICAL DESCRIPTION | |
| Extent | xiv, 416p. : |
| Other physical details | ill . ; |
| Dimensions | 23 cm |
| 650 ## - SUBJECT ADDED ENTRY--TOPICAL TERM | |
| Topical term or geographic name entry element | Slopes |
| Withdrawn status | Lost status | Damaged status | Not for loan | Permanent Location | Current Location | Shelving location | Date acquired | Total Checkouts | Full call number | Barcode | Date last seen | Price effective from | Koha item type |
|---|---|---|---|---|---|---|---|---|---|---|---|---|---|
| School of Civil and Environmental Engineering (SCEE) | School of Civil and Environmental Engineering (SCEE) | 551.436 ABR | NIT-135 | 01/05/2017 | 01/05/2017 | Book |
